000 00608nam a2200169 a 4500
001 000015132
005 20240305124616.0
008 100201s19uu dr ac 001 0 spa d
040 _aDO-SdBNP
_bspa
_cBNPHU
082 _axxx
_bC957r
100 1 _a Cruz Infante, José A.,
_q(José Abigail)
_92460
245 1 0 _aRecuerdos universitarios :
_bvida en un colegio mayor /
_cJosé Abigail Cruz Infante ; prólogo Juan Alberto Peña Lebrón.
260 _a[Santo Domingo] :
_b[19--?],
_c[s.n.].
300 _a165 p. :
_bil. ; retrs. ;
_c22 cm.
700 1 _aPeña Lebrón, Juan Alberto
_epról.
_928669
049 _aBNPD
999 _c14704
_d14704